Schaum`s Vector Analysis & An Introduction to Tensor Analysis (Record no. 9380)
[ view plain ]
| 000 -LEADER | |
|---|---|
| fixed length control field | 00449nam a2200169Ia 4500 |
| 008 - FIXED-LENGTH DATA ELEMENTS--GENERAL INFORMATION | |
| fixed length control field | 221030s9999 xx 000 0 und d |
| 020 ## - INTERNATIONAL STANDARD BOOK NUMBER | |
| ISBN | 0070682585 |
| 041 ## - LANGUAGE CODE | |
| Language code of text/sound track or separate title | |
| 082 ## - DEWEY DECIMAL CLASSIFICATION NUMBER | |
| Classification number | 105.23 |
| 100 ## - MAIN ENTRY--AUTHOR NAME | |
| Personal name | M. R. Spiegel |
| 245 #0 - TITLE STATEMENT | |
| Title | Schaum`s Vector Analysis & An Introduction to Tensor Analysis |
| Statement of responsibility, etc | by M. R. Spiegel, S. Lipschutz |
| 260 ## - PUBLICATION, DISTRIBUTION, ETC. (IMPRINT) | |
| Name of publisher | TMH |
| Place of publication | New Delhi |
| Year of publication | 2010 |
| 300 ## - PHYSICAL DESCRIPTION | |
| Number of Pages | 238 |
| 650 ## - SUBJECT ADDED ENTRY--TOPICAL TERM | |
| Topical Term | Physics |
| 700 ## - ADDED ENTRY--PERSONAL NAME | |
| Personal name | S. Lipschutz |
| 942 ## - ADDED ENTRY ELEMENTS (KOHA) | |
| Koha item type | Books |
| Accession Number | Cost, normal purchase price | Bill Date | Full call number | Source of acquisition | Price effective from | Koha item type | Withdrawn / writtenoff status | Materials specified (bound volume or other part) | Damaged status | Not for loan | Permanent Location | Current Location | Shelving location | Date acquired | Lost/ Missing status | department |
|---|---|---|---|---|---|---|---|---|---|---|---|---|---|---|---|---|
| BE 11562 | 325.00 | 2773 | 105.23 | RKB | 10/30/2022 | Books | MIET Library, Jammu | MIET Library, Jammu | BL-Academic Block B, FL-1, CUP-153, SH-1, R-1 | 05/17/2011 | BE | |||||
| BE 11563 | 325.00 | 2773 | 105.23 | RKB | 10/30/2022 | Books | MIET Library, Jammu | MIET Library, Jammu | BL-Academic Block C, FL-2, CUP-127, SH-2, R-2 | 05/17/2011 | BE | |||||
| BE 11564 | 325.00 | 2773 | 105.23 | RKB | 10/30/2022 | Books | MIET Library, Jammu | MIET Library, Jammu | BL-Academic Block C, FL-2, CUP-127, SH-2, R-2 | 05/17/2011 | BE | |||||
| BE 11565 | 325.00 | 2773 | 105.23 | RKB | 10/30/2022 | Books | MIET Library, Jammu | MIET Library, Jammu | BL-Academic Block C, FL-2, CUP-127, SH-2, R-2 | 05/17/2011 | BE | |||||
| BE 11566 | 325.00 | 2773 | 105.23 | RKB | 10/30/2022 | Books | MIET Library, Jammu | MIET Library, Jammu | BL-Academic Block C, FL-2, CUP-127, SH-2, R-2 | 05/17/2011 | BE |